000 00934nam0a22002771 4500
001 rc\4416038
005 20250612075241.0
021 _aRU
_b[61-72109]
035 _a(NLR Aleph) 008567036
090 _a8501624
_c8501624
100 _a20130416d1961 |||y0rusy50 ca
101 0 _arus
102 _aRU
105 _ay z |||||
200 1 _aУчение о виде
_fЛенингр. ордена Ленина гос. ун-т им. А.А. Жданова
210 _aЛенинград
_cИзд-во Ленингр. ун-та
_d1961
215 _a254 с.
_d23
320 _aБиблиогр.: с. 242-252
606 _aВид (биол.)
_2psbo
700 1 _aЗавадский
_bК. М.
_cд-р биол. наук
_f1910-1977
_gКирилл Михайлович
_9130052
_3RU\NLR\AUTH\770130083
801 0 _aRU
_bNLR
_gpsbo
801 1 _aRU
_bELAR
_2rusmarc
852 _aNLR
_j61-5/4698
942 _cBOOK
980 _aNB